| 000 | 01375nam a22002777a 4500 | ||
|---|---|---|---|
| 003 | OSt | ||
| 005 | 20250321050045.0 | ||
| 008 | 250307b ||||| |||| 00| 0 eng d | ||
| 040 |
_bEnglish. _cCvSU-CCAT Campus Library. _erda. |
||
| 050 |
_aUM HF 5381 _bA73 2006 |
||
| 100 |
_aArahan, Reynalin Y., author. _914887 |
||
| 245 |
_aEmployability of the graduates of Bachelor of Science in Hotel and Restaurant Management and Associate in Computer Technology S.Y. 2001-2002 to 2002-2003 _cReynalin Y. Arahan, Maria Fe B. Buenaflor, and Roze Anne Z. Gonzales |
||
| 260 |
_aRosario, Cavite : _bCavite State University-CCAT Campus, _c2006 |
||
| 300 |
_axi, 25 leaves : _billustrations ; _c28 cm |
||
| 500 | _aUndergraduate Thesis (BSIE Major in Garments and Foods Technology) -- Cavite State University-CCAT Campus, 2006. | ||
| 504 | _aIncludes bibliographical references and appendices. | ||
| 546 | _aIn English text | ||
| 650 |
_aCollege Graduates -- Employment. _910276 |
||
| 650 |
_aBachelor of Science in Hotel and Restaurant Management (BSHRM). _915373 |
||
| 650 |
_aAssociate in Computer Technology (ACT). _915374 |
||
| 700 |
_aBuenaflor, Maria Fe B., author. _914888 |
||
| 700 |
_aGonzales, Roze Anne Z., author. _914889 |
||
| 700 |
_aVentura, Romulo V., adviser. _914886 |
||
| 942 |
_2lcc _cT/M/D _kUM _hHF 5381 A73 2006 |
||
| 999 |
_c3956 _d3956 |
||